Catálogo
 En Linea

El Parnaso oriental, o, Guirnalda poética de la República Uruguaya / (Registro nro. 5567)

Detalles MARC
000 -CABECERA
campo de control de longitud fija 01242nam a2200289 a 4500
001 - NÚMERO DE CONTROL
campo de control 000005771
005 - FECHA Y HORA DE LA ÚLTIMA TRANSACCIÓN
campo de control 20200929151758.0
008 - DATOS DE LONGITUD FIJA--INFORMACIÓN GENERAL
campo de control de longitud fija 820826r19811835uy a f000 0 spa
040 ## - FUENTE DE LA CATALOGACIÓN
Centro catalogador/agencia de origen DO-SdBNP
Centro/agencia transcriptor DLC
Centro/agencia modificador DLC
082 ## - NÚMERO DE LA CLASIFICACIÓN DECIMAL DEWEY
Número de clasificación U861.08
Número de documento/Ítem P256
245 03 - MENCIÓN DE TÍTULO
Título El Parnaso oriental, o, Guirnalda poética de la República Uruguaya /
Mención de responsabilidad, etc. Luciano Lira [compilador] ; prólogo de Juan E. Pivel Devoto.
250 ## - MENCIÓN DE EDICIÓN
Mención de edición Reimpresión facsimilar.
260 ## - PUBLICACIÓN, DISTRIBUCIÓN, ETC.
Lugar de publicación, distribución, etc. Montevideo :
Nombre del editor, distribuidor, etc. Ministerio de Educación y Cultura,
Fecha de publicación, distribución, etc. 1981.
300 ## - DESCRIPCIÓN FÍSICA
Extensión 3 v. :
Otras características físicas ill. ;
Dimensiones 19 cm.
490 1# - MENCIÓN DE SERIE
Mención de serie Biblioteca Artigas.
490 1# - MENCIÓN DE SERIE
Mención de serie Cásicos uruguayos ;
Designación de volumen o secuencia 159-161
500 ## - NOTA GENERAL
Nota general Reprint (v. 1). Originally published: Buenos Aires : Impr. de la Libertad, 1835.
500 ## - NOTA GENERAL
Nota general Reprint (v. 2). Originally published: Montevideo : Impr. de la Caridad, 1835.
500 ## - NOTA GENERAL
Nota general Reprint (v. 3). Originally published: Montevideo : Impr. Oriental, 1837.
650 #4 - PUNTO DE ACCESO ADICIONAL DE MATERIA--TÉRMINO DE MATERIA
Término de materia o nombre geográfico como elemento de entrada Poesia uruguaya
Subdivisión general Colecciones
Subdivisión cronológica SIGLO XIX
9 (RLIN) 16338
650 #4 - PUNTO DE ACCESO ADICIONAL DE MATERIA--TÉRMINO DE MATERIA
Término de materia o nombre geográfico como elemento de entrada Literatura uruguaya
9 (RLIN) 3054
700 1# - PUNTO DE ACCESO ADICIONAL--NOMBRE DE PERSONA
Nombre de persona Lira, Luciano,
Fechas asociadas al nombre d. 1840?
9 (RLIN) 16339
700 1# - PUNTO DE ACCESO ADICIONAL--NOMBRE DE PERSONA
Nombre de persona Pivel Devoto, Juan E.
9 (RLIN) 16316
740 0# - PUNTO DE ACCESO ADICIONAL--TÍTULO RELACIONADO O ANALÍTICO NO CONTROLADO
Título relacionado o analítico no controlado Parnaso oriental.
830 #0 - PUNTO DE ACCESO ADICIONAL DE SERIE-TÍTULO UNIFORME
Título uniforme Biblioteca Artigas.
Nombre de parte o sección de la obra Clásicos uruguayos ;
Designación de volumen o secuencia v. 159-161
9 (RLIN) 16276
910 ## - DATOS DE OPCIÓN DEL USUARIO (OCLC)
Datos de opción del usuario Catalogación por copia / LC
Existencias
Estado de retiro Estado de pérdida Restricciones de uso No para préstamo Código de colección Localización permanente Ubicación/localización actual Ubicación en estantería Fecha de adquisición Número de inventario Total de préstamos Signatura topográfica completa Código de barras Fecha visto por última vez Precio válido a partir de Tipo de ítem Koha
    Préstamo interno   Monografías: Libros y Folletos General General En catalogación 22.08.2009 LF1   U861.08 P256 5771-10 25.06.2020 25.06.2020 Préstamo interno

Con tecnología Koha